| 000 -ლიდერი |
| ფიქსირებული სიგრძის საკონტროლო ველი |
01221nam a22002057a 4500 |
| 003 - საკონტროლო ნომრის იდენტიფიკატორი |
| საკონტროლო ველი |
Ge_BSU |
| 005 - ბოლო ოპერაციის თარიღი და დრო |
| საკონტროლო ველი |
20250630121230.0 |
| 008 - ფიქსირებული სიგრძის მონაცემთა ელემენტები - ზოგადი ინფორმაცია |
| ფიქსირებული სიგრძის საკონტროლო ველი |
250630s2025 ge ||||| |||| 00| 0 geo d |
| 020 ## - წიგნის საერთაშორისო სტანდარტული ნომერი |
| International Standard Book Number |
9789941518058 |
| 041 ## - ენის კოდი |
| Language code of text/sound track or separate title |
geo |
| 080 ## - უნივერსალური ათობითი კლასიფიკაციის ინდექსი |
| Universal Decimal Classification number |
821.353.1-821 გ-20 |
| 245 ## - ცნობა სათაურის შესახებ |
| Title |
განვლილი გზა : ავთანდილ ნიკოლეიშვილი -75 : |
| Remainder of title |
[კრებული] / |
| Statement of responsibility, etc |
კრებულის შემდგენელი და რედაქტორი გია ხოფერია. |
| 264 ## - წარმოების, გამოცემის, დისტრიბუციის და სხვა ცნობები |
| გამოცემის, წარმოების, დისტრიბუციის... ადგილი |
ქუთაისი : |
| გამოცემის, წარმოების, დისტრიბუციის... სახელწოდება |
აკაკი წერეთლის სახელმწ. უნივერსიტეტის გამომცემლობა, |
| გამოცემის, წარმოების, დისტრიბუციის... თარიღი |
2025. |
| 300 ## - ფიზიკური აღწერა |
| Extent |
550 გვ. ; |
| Other physical details |
20 სმ. |
| 500 ## - ზოგადი შენიშვნა |
| General note |
წიგნი იბეჭდება აკაკი წერეთლის სახელმწ. უნივერსიტეტის ფინანსური მხარდაჭერით. |
| 653 ## - INDEX TERM--UNCONTROLLED |
| Uncontrolled term |
ნიკოლეიშვილი, ავთანდილ |
| 653 ## - INDEX TERM--UNCONTROLLED |
| Uncontrolled term |
კრებულები |
| 700 ## - ADDED ENTRY--PERSONAL NAME |
| Personal name |
ხოფერია, გია |
| Relator term |
რედაქტორი |
| 9 (RLIN) |
25570 |
| 942 ## - ADDED ENTRY ELEMENTS (KOHA) |
| Source of classification or shelving scheme |
|
| Koha item type |
წიგნი |